Puebla State Quiz - Statistics

General Stats
  • This quiz has been taken 2 times
  • The average score is 9 of 15
Answer Stats
Hint Answer % Correct
City where the above is located (part of capital's metropolitan area) Cholula
100%
Holiday celebrating a battle victory against the French? Cinco de Mayo
100%
Mexico's national dish created in the state? Mole Poblano
100%
Famous volcano that is the second tallest mountain in Mexico? Popocatepetl
100%
Capital city and 4th largest city in Mexico? Puebla de Zaragoza
100%
Puebla has the largest one of these in the world (larger than the ones in Egypt) Pyramid
100%
Meaning of the state name in spanish? Town/Village
100%
Dish that involves a chilli pepper, walnut sauce and pomegranate also from Puebla? Chile en Nogada
50%
Dormant volcano that is according to legend the romantic counterpart of the above mountain? Iztaccihuatl
50%
War which the above was part of? Second French Intervention
50%
Second largest city in the state? Tehuacan
50%
Dress typical of the state attributed by an enslaved Indian noblewoman? China Poblana
0%
Town founded by Italian immigrants where a venetian dialect is spoken? Chipilo
0%
Smallest "volcano" in the world (technically a geyser)? Cuexcomate
0%
Festival held in the town of Atlixco Huey Atlixcayotl
0%
No matching quizzes found
Score Distribution
Percent of People with Each Score
Percentile by Number Answered
Your Score History
You have not taken this quiz